<?xml version="1.0" encoding="UTF-8"?><record xmlns="http://www.loc.gov/MARC21/slim" xmlns:zs="http://docs.oasis-open.org/ns/search-ws/sruResponse">
  <leader>00365nz  a2200121n  4500</leader>
  <controlfield tag="001">n  90702480 </controlfield>
  <controlfield tag="003">DLC</controlfield>
  <controlfield tag="005">19901010090249.5</controlfield>
  <controlfield tag="008">901010n| acannaab|          |n aaa |||  </controlfield>
  <datafield ind1=" " ind2=" " tag="010">
    <subfield code="a">n  90702480 </subfield>
  </datafield>
  <datafield ind1=" " ind2=" " tag="040">
    <subfield code="a">DLC</subfield>
    <subfield code="c">DLC</subfield>
  </datafield>
  <datafield ind1="1" ind2="0" tag="100">
    <subfield code="a">Magyar, Ede,</subfield>
    <subfield code="d">1877-1912</subfield>
  </datafield>
  <datafield ind1=" " ind2=" " tag="670">
    <subfield code="a">Bakonyi, T. Magyar Ede, 1989:</subfield>
    <subfield code="b">t.p. (Magyar Ede) p. 8, etc. (architect; b. Jan. 31, 1877, d. May 5, 1912)</subfield>
  </datafield>
</record>
